000 00745nam a2200241Ia 4500
003 OSt
005 20220926033954.0
006 a|||||r|||| 00| 0
007 ta
008 220923b |||||||| |||| 00| 0 eng d
037 _cGeneral Book
040 _aRTL
_cRTL
_beng
041 _2eng
_aeng
082 _aV73:916.N7, L3
100 _aWinter Ralph K
_9339871
245 0 _aCampaign financing and political freedom
260 _aWashington
_bA E I P P R
_c1973
300 _a27p
_ccm.
490 _aAmerican Enterprise Institute for Public Policy Reserach, Domestic Affairs Studies
650 _aConstitution United States
_9240337
942 _hV73:916.N7, L3
_cGB
_2CC
999 _c658479
_d658479